000 00414nam a2200145Ia 4500
008 100122s9999 xx 000 0 und d
082 _b30974
_a823
100 _aकवीश्वर छबुताई
245 _aजगावेगळी
260 _bसुरस प्रकाशन
_c1981
300 _a68
630 _aजगावेगळी
730 _aजगावेगळी
942 _cBOOK
999 _c415743
_d415740